000 00656nam a2200193Ia 4500
005 20260114154822.0
008 008 250103s9999 xx 000 0 eng d
037 _aTheses
040 _aCRL
_beng
_cCRL
041 _aeng
_2eng
084 _qCRL
100 _aDhingra Vishal Au.
_9866502
245 0 _aStudies on gas sensing properties of graphene Oxide Post Tailoring through Sonication and Nanostructured catalyst
260 _aDelhi
_bUniversity of Delhi. Faculty of Interdisciplinary & Applied Sciences. Department of Electronics Science
_c2021
300 _a150p.
700 _a Garg Amit Gu.
_9866503
942 _cTH
999 _c1468495
_d1468495